Spell the Marvel Character #318 - Statistics

General Stats
  • This quiz has been taken 13 times
  • The average score is 7 of 9
Answer Stats
Picture Answer % Correct
Deadpool
100%
America Chavez
92%
Scarlet Witch
92%
Rogue
85%
Throg
85%
Arachne
77%
Ka-Zar
77%
Darkstar
69%
Rintrah
54%
No matching quizzes found
Score Distribution
Percent of People with Each Score
Percentile by Number Answered
Your Score History
You have not taken this quiz